000 00299nam a22001337a 4500
008 170320b xxu||||| |||| 00| 0 eng d
020 _a9780123740199
041 _aeng
080 _23 ED
_a616.8
100 _a7
101 _aSHM
245 _aFUNDAMENTAL NEUROSCIENCE
_cSQUIRE.L.R
942 _2udc
_cBK
999 _c8174
_d8174